logo

Bir Sreshtho Munshi Abdur Rouf Library
Jhenaidah Cadet College

Information And communication Technology Classes XI-XII / (Record no. 6173)

MARC details
000 -LEADER
fixed length control field 00655nam a2200229 a 4500
001 - CONTROL NUMBER
JCCL Control Number 6173
003 - CONTROL NUMBER IDENTIFIER
JCCL marc code BD-JhCC
005 - DATE AND TIME OF LATEST TRANSACTION
control field 20200426134007.0
008 - FIXED-LENGTH DATA ELEMENTS--GENERAL INFORMATION
fixed length control field 180115s2014 bg |||| ||a| 000 0 eng d
035 ## - SYSTEM CONTROL NUMBER
system control number (BD-JhCC)
040 ## - CATALOGING SOURCE
Original cataloging agency BD-JhCC
Modifying agency BD-JhCC
041 ## - LANGUAGE CODE
Language code of Book eng
082 ## - DEWEY DECIMAL CLASSIFICATION NUMBER
Classification number 005
Author mark and Year INF 2014
245 ## - TITLE STATEMENT
Title Information And communication Technology Classes XI-XII /
Statement of responsibility, etc Forhad Monjur...[et. all]
250 ## - EDITION STATEMENT
Edition statement 2nd ed.
260 ## - PUBLICATION, DISTRIBUTION, ETC. (IMPRINT)
Place of publication, distribution, etc Dhaka :
Name of publisher, distributor, etc কাজল ব্রাদার্স লিমিটেড,
Date of publication, distribution, etc 2014.
300 ## - PHYSICAL DESCRIPTION
Pagination 264 p. :
Dimensions 23 cm
Other physical details ill ;
650 ## - SUBJECT ADDED ENTRY--TOPICAL TERM
Topical term or geographic name as entry element Computer Science
700 ## - ADDED ENTRY--PERSONAL NAME
Personal name Monjur, Forhad
942 ## - ADDED ENTRY ELEMENTS (KOHA)
Source of classification or shelving scheme Dewey Decimal Classification
Koha item type Books
Koha issues (borrowed), all copies 3
Holdings
Source of classification or shelving scheme Damaged status Not for loan Home library Current library Shelving location Date of accession Cost, normal purchase price Total Checkouts Full call number Barcode Date last seen Date checked out Copy number Koha item type
Dewey Decimal Classification     JCC Rouf Library JCC Rouf Library General Stacks 02/12/2018 374.00 2 005 INF 2014 10229 01/17/2022 04/25/2020 C-1 Books

JCC Library | Contacts | JCC Home

Last Update on 23 September 2017
Copyright @ 2017-2020 JCC Rouf Library
Rouf Library, Jhenidah Cadet College (JCC), Bangladesh